| 000 | 01260nam a22003377a 4500 | ||
|---|---|---|---|
| 003 | CHAP | ||
| 005 | 20220329143824.0 | ||
| 008 | 111007s2010 mx a r 00010 spa d | ||
| 010 | _a102342 | ||
| 011 | _a103314 | ||
| 020 | _a9786074950595 | ||
| 035 | _a114003 | ||
| 040 | _cCHAP | ||
| 082 | 0 | 4 |
_a917.097252 _bG28 |
| 245 | 0 | 0 |
_aGenius loci : _bconfiguraciones del paisaje mexiquense _c/ coordinado por María Susana Bianconi Bailez |
| 260 |
_aToluca, Méx. : _bGobierno del Estado de México _c2010 |
||
| 300 |
_a271 p. : _bfotografías |
||
| 490 |
_aBiblioteca Mexiquense del Bicentenario. _pColección Bicentenario |
||
| 590 |
_aBATCH-UPD _b10 _c20130110 _lUCH01 _h1148 |
||
| 590 |
_aBATCH-UPD _b10 _c20130410 _lUCH01 _h0733 |
||
| 590 |
_aBATCH-UPD _b10 _c20130914 _lUCH01 _h0614 |
||
| 590 |
_aCONVERSION _b10 _c20130109 _lUCH01 _h1356 |
||
| 650 | 1 | 4 |
_aMéxico (Edo.) _xDescripción y viaje. _976827 |
| 650 | 1 | 4 |
_aMéxico (Edo.) _xHistoria. _976831 |
| 700 | 1 |
_aBianconi Bailez, María Susana. _912184 |
|
| 710 | 2 |
_aMéxico. Gobierno del Estado. _977067 |
|
| 830 |
_aBiblioteca Mexiquense del Bicentenario. _pColección Bicentenario _912416 |
||
| 901 | _aBK | ||
| 942 | _cLIBRO | ||
| 949 |
_a917.097252 G28 _bBC _cLIBRO _d33724002309446 _eLIBRO _h115964 _i114003 _sb |
||
| 999 |
_c102342 _d102342 |
||